00743 2200217 4500001002100000005001700021008004100038035002400079082001000103090002100113100001200134245017000146260002900316300003500345500006200380500002600442650002700468850000900495985000600504999001500510YOGYA-0209000007223120090227093616.0 ind  0010-020900000072231 a025.2 a025.2bPar AlSK aPARYATI aAnalisa kenaikan koleksi pustaka menurut jenis buku dengan metode trend dalam prosentase pada perpustakaan nasional propinsi daerah istimewa yogyakartacoleh Paryati aYogyakartab[s.n.]c1999 axv,74,[14] lembarbilusc30 cm akarya ilmiah lembaga pendidikan kejuruan IMBIA yogyakarta abibliografi:lembar 74 aPerpustakaan - Koleksi aBPAD a1 a08A0036040